International economics / (Record no. 7851)
[ view plain ]
| 000 -LEADER | |
|---|---|
| fixed length control field | 00871cam a22002652 4500 |
| 001 - CONTROL NUMBER | |
| control field | 0000009257 |
| 005 - DATE AND TIME OF LATEST TRANSACTION | |
| control field | 20151217152052.0 |
| 008 - FIXED-LENGTH DATA ELEMENTS--GENERAL INFORMATION | |
| fixed length control field | 080917s xx 000 0 eng d |
| 020 ## - INTERNATIONAL STANDARD BOOK NUMBER | |
| International Standard Book Number | 0071287562 : |
| Terms of availability | KES 7100 |
| 040 ## - CATALOGING SOURCE | |
| Original cataloging agency | KABU |
| Transcribing agency | KABU |
| 050 #0 - LIBRARY OF CONGRESS CALL NUMBER | |
| Classification number | HF1359 |
| Item number | .A77 2008 |
| 100 1# - MAIN ENTRY--PERSONAL NAME | |
| Personal name | Appleyard, Dennis R. |
| -- | 0000160416 |
| 245 10 - TITLE STATEMENT | |
| Title | International economics / |
| Statement of responsibility, etc. | Dennis R. Appleyard, Alfred J. Field, J. r., Steven L. Cobb. |
| 250 ## - EDITION STATEMENT | |
| Edition statement | 6th ed. |
| 260 ## - PUBLICATION, DISTRIBUTION, ETC. (IMPRINT) | |
| Place of publication, distribution, etc. | Boston : |
| Name of publisher, distributor, etc. | Irwin/McGraw-Hill, |
| Date of publication, distribution, etc. | 2008. |
| 300 ## - PHYSICAL DESCRIPTION | |
| Extent | xxvii, 804 p. |
| 650 #0 - SUBJECT ADDED ENTRY--TOPICAL TERM | |
| Topical term or geographic name as entry element | International economic relations. |
| -- | 0000144571 |
| 650 #0 - SUBJECT ADDED ENTRY--TOPICAL TERM | |
| Topical term or geographic name as entry element | International trades. |
| -- | 0000160417 |
| 650 #0 - SUBJECT ADDED ENTRY--TOPICAL TERM | |
| Topical term or geographic name as entry element | International finance. |
| -- | 0000149975 |
| 700 1# - ADDED ENTRY--PERSONAL NAME | |
| Personal name | Field, Alfred J. |
| -- | 0000160418 |
| 700 1# - ADDED ENTRY--PERSONAL NAME | |
| Personal name | Cobb, Steven L. |
| -- | 0000160419 |
| 908 ## - PUT COMMAND PARAMETER (RLIN) | |
| Put command parameter | 080917 |
| 950 ## - LOCAL HOLDINGS (RLIN) | |
| -- | 1 |
| Withdrawn status | Lost status | Source of classification or shelving scheme | Not for loan | Home library | Current library | Date acquired | Total Checkouts | Total Renewals | Full call number | Barcode | Date last seen | Date last checked out | Price effective from | Koha item type |
|---|---|---|---|---|---|---|---|---|---|---|---|---|---|---|
| Library of Congress Classification | Kabarak, Main Campus | Kabarak, Main Campus | 17/12/2015 | 7 | 2 | HF1359 .A77 2008 c. 1 | 009153 | 02/08/2024 | 06/11/2023 | 17/12/2015 | General Collection |